<?xml version="1.0" encoding="UTF-8"?>
<collection xmlns:xsi="http://www.w3.org/2001/XMLSchema-instance" xsi:schemaLocation="http://www.loc.gov/MARC21/slim http://www.loc.gov/standards/marcxml/schema/MARC21slim.xsd" xmlns="http://www.loc.gov/MARC21/slim">
 <record>
  <leader>00000nam a22000004a 4500</leader>
  <controlfield tag="001">UP-1685954869149569872</controlfield>
  <controlfield tag="003">Buklod</controlfield>
  <controlfield tag="005">20240213142051.0</controlfield>
  <controlfield tag="006">m     |  | |      </controlfield>
  <controlfield tag="007">ta</controlfield>
  <controlfield tag="008">240213s2023    enk  af r   b|001 0|eng d</controlfield>
  <datafield tag="020" ind1=" " ind2=" ">
   <subfield code="a">9781350243521 (PB)</subfield>
  </datafield>
  <datafield tag="037" ind1=" " ind2=" ">
   <subfield code="a">BC-74339</subfield>
   <subfield code="b">Linar International Book Resources, Inc.</subfield>
   <subfield code="c">Php 2,585.00</subfield>
   <subfield code="n">Department of Communication</subfield>
  </datafield>
  <datafield tag="040" ind1=" " ind2=" ">
   <subfield code="a">OLC</subfield>
   <subfield code="d">BAG</subfield>
   <subfield code="e">rda</subfield>
  </datafield>
  <datafield tag="041" ind1="0" ind2=" ">
   <subfield code="a">eng</subfield>
  </datafield>
  <datafield tag="090" ind1=" " ind2="0">
   <subfield code="a">N 72 F45</subfield>
   <subfield code="b">B76 2023 </subfield>
  </datafield>
  <datafield tag="100" ind1="1" ind2=" ">
   <subfield code="a">Brodsky, Judith K.</subfield>
   <subfield code="e">author.</subfield>
  </datafield>
  <datafield tag="245" ind1="1" ind2="0">
   <subfield code="a">Dismantling the patriarchy, bit by bit</subfield>
   <subfield code="b">art, feminism, and digital technology</subfield>
   <subfield code="c">Judith K. Brodsky.</subfield>
  </datafield>
  <datafield tag="250" ind1=" " ind2=" ">
   <subfield code="a">Paperback edition.</subfield>
  </datafield>
  <datafield tag="264" ind1=" " ind2="1">
   <subfield code="a">London, UK</subfield>
   <subfield code="b">Bloomsbury Visual Arts</subfield>
   <subfield code="c">[2023]</subfield>
  </datafield>
  <datafield tag="300" ind1=" " ind2=" ">
   <subfield code="a">x, 259 pages, 32 unnumbered pages of plates</subfield>
   <subfield code="b">illustrations (chiefly color)</subfield>
   <subfield code="c">24 cm </subfield>
  </datafield>
  <datafield tag="336" ind1=" " ind2=" ">
   <subfield code="a">text</subfield>
   <subfield code="2">rdacontent</subfield>
  </datafield>
  <datafield tag="337" ind1=" " ind2=" ">
   <subfield code="a">unmediated</subfield>
   <subfield code="2">rdamedia</subfield>
  </datafield>
  <datafield tag="338" ind1=" " ind2=" ">
   <subfield code="a">volume</subfield>
   <subfield code="2">rdacarrier</subfield>
  </datafield>
  <datafield tag="504" ind1=" " ind2=" ">
   <subfield code="a">Includes bibliographical references (pages [215]-244) and index.</subfield>
  </datafield>
  <datafield tag="505" ind1="0" ind2=" ">
   <subfield code="a">Introduction -- 1. Reinserting Women into the History of Digital Art: Pioneer Feminist Artists -- 2. The 1970s: Feminism and Digital Art Inside and Outside the Academy -- 3. Reimagining the Binary Nature of Digital Technology -- 4. Using Websites and Browsers to Deliver Social Justice Messages -- 5. Provoking the Patriarchy Through Digital Language -- 6. Queerness, Race, and Digital Art -- 7. The Avatar -- 8. The Female Body Disappears -- 9. Creating Feminist Paradigms of Knowledge through Digital Technology -- 10. Surveillance -- 11. Feminist Artists and the Gaming Industry -- 12. Japanese Feminism, Video Games, and Anime -- 13. Artificial Intelligence, Facial Recognition, and Virtual Reality -- 14. Digital Public Art and Augmented Reality -- Conclusion.</subfield>
  </datafield>
  <datafield tag="520" ind1=" " ind2=" ">
   <subfield code="a">&quot;In Dismantling the Patriarchy, Bit by Bit, Judith K. Brodsky makes a ground-breaking intellectual leap by connecting feminist art theory with the rise of digital art. Technology has commonly been considered the domain of white men but-unrecognized until this book-female artists, including women artists of color, have been innovators in the digital art arena as early as the late 1960s when computers first became available outside of government and university laboratories.&quot;--Page [4] of cover.</subfield>
  </datafield>
  <datafield tag="650" ind1=" " ind2="0">
   <subfield code="a">Feminism and art</subfield>
   <subfield code="y">21st century. </subfield>
  </datafield>
  <datafield tag="650" ind1=" " ind2="0">
   <subfield code="a">Women artists</subfield>
   <subfield code="y">21st century. </subfield>
  </datafield>
  <datafield tag="650" ind1="0" ind2="0">
   <subfield code="a">Art and society</subfield>
   <subfield code="y">21st century. </subfield>
  </datafield>
  <datafield tag="650" ind1=" " ind2="0">
   <subfield code="a">Art and technology</subfield>
   <subfield code="y">21st century.</subfield>
  </datafield>
  <datafield tag="650" ind1=" " ind2="0">
   <subfield code="a">Art and computers</subfield>
   <subfield code="y">21st century.</subfield>
  </datafield>
  <datafield tag="650" ind1=" " ind2="0">
   <subfield code="a">Virtual reality in art</subfield>
   <subfield code="y">21st century.</subfield>
  </datafield>
  <datafield tag="650" ind1=" " ind2="0">
   <subfield code="a">Computer art</subfield>
   <subfield code="x">Social aspects</subfield>
   <subfield code="y">21st century.</subfield>
  </datafield>
  <datafield tag="650" ind1=" " ind2="0">
   <subfield code="a">Feminist ethics</subfield>
   <subfield code="v">In art. </subfield>
  </datafield>
  <datafield tag="650" ind1=" " ind2="0">
   <subfield code="a">Feminist aesthetics</subfield>
   <subfield code="y">21st century. </subfield>
  </datafield>
  <datafield tag="905" ind1=" " ind2=" ">
   <subfield code="a">FO</subfield>
  </datafield>
  <datafield tag="852" ind1="0" ind2=" ">
   <subfield code="a">UPBAG</subfield>
   <subfield code="b">UPBAG-MAIN</subfield>
   <subfield code="h">N 72 F45</subfield>
   <subfield code="i">B76 2023</subfield>
  </datafield>
  <datafield tag="942" ind1=" " ind2=" ">
   <subfield code="a">Book</subfield>
  </datafield>
 </record>
</collection>
